Matinya seorang Mangkubumi
| Main Author: | |
|---|---|
| Format: | Book |
| Published: |
Kuala Lumpur :
Berita Publishing ,
1994
|
| Series: | Siri bacaan klasik Berita
|
| Subjects: |
MARC
| LEADER | 00000cam a2200000 7i4500 | ||
|---|---|---|---|
| 001 | 0000002399 | ||
| 002 | 000002611 | ||
| 005 | 20070110.0 | ||
| 020 | |a 9679694208 | ||
| 090 | 0 | 0 | |a JF |b MAT |
| 100 | 0 | |a Matlob | |
| 245 | 1 | 0 | |a Matinya seorang Mangkubumi |c Matlob |
| 260 | |a Kuala Lumpur : |b Berita Publishing , |c 1994 | ||
| 300 | |a 73 p. : |b ill. ; |c 21 cm. | ||
| 490 | 0 | |a Siri bacaan klasik Berita | |
| 650 | 0 | 0 | |a Folk literature |
| 999 | |a 035899 |b BUKU |c PINJAMAN |e PERPUSTAKAAN KOMUNITI PETALING JAYA | ||
| 999 | |a 035900 |b BUKU |c PINJAMAN |e PERPUSTAKAAN KOMUNITI PETALING JAYA | ||